01014nam a22002057a 4500020001800000040000900018082001900027100002700046245005000073250001800123260003800141650005800179942001200237999001900249952010800268952010800376952010800484952010800592952010800700 a9789332518537 cNUST a621.31042bWIL aTheodore Wildi9124119 aElectrical Machines, Drives and Power Systems aSixth Edition aIndia:bPearson Education,c2018. aElectrical Machines, Drives and Power Systems9124120 2ddccBK c610084d610084 00102ddc4070aCEMEbCEMEcGENd2024-07-05l0o621.31042 WILpCEME- 49801r2024-07-05w2024-07-05yBK 00102ddc4070aCEMEbCEMEcGENd2024-07-05l0o621.31042 WILpCEME- 49802r2024-07-05w2024-07-05yBK 00102ddc4070aCEMEbCEMEcGENd2024-07-05l0o621.31042 WILpCEME- 49803r2024-07-05w2024-07-05yBK 00102ddc4070aCEMEbCEMEcGENd2024-07-05l0o621.31042 WILpCEME- 49804r2024-07-05w2024-07-05yBK 00102ddc4070aCEMEbCEMEcGENd2024-07-05l0o621.31042 WILpCEME- 49805r2024-07-05w2024-07-05yBK